Mendidik anak : fiqah dan sunnah . Teaching children basic islamic rules and sunnah

Bibliographic Details
Main Author: Hamid Ahmad Ath-Thahir
Other Authors: Anuar Abdul Salim
Format: Book
Published: Kuala Lumpur : Synergy Media , 20--
Series:Siri keluarga mithali
Subjects:

MARC

LEADER 00000cam a2200000 7i4500
001 0000135195
005 20100406.0
020 |a 9789673223732 
090 0 0 |a 297.577   |b HAM 
100 0 |a Hamid Ahmad Ath-Thahir   |f Dr 
245 1 0 |a Mendidik anak :   |b fiqah dan sunnah .   |p Teaching children basic islamic rules and sunnah   |c Dr. Hamid Ahmad Ath-Thahir ; adaptasi,Anuar Abdul Salim 
260 |a Kuala Lumpur :   |b Synergy Media ,   |c 20-- 
300 |a 131p. ;   |c 25cm. 
490 0 |a Siri keluarga mithali 
650 0 0 |a Child rearing   |x Religious aspects   |x Islam 
650 0 0 |a Parenting   |x Religious aspects   |x Islam 
700 0 |a Anuar Abdul Salim 
999 |a 00231592   |b BUKU   |c PINJAMAN   |e PERPUSTAKAAN KOMUNITI PETALING JAYA